01792nam a2200289Ia 4500001000500000005001700005008004100022020001500063020001800078040003500096041000800131084001100139100002400150245009000174250002200264264002900286300001800315336002700333337003300360338002800393490001200421520089800433586004301331650004501374650004101419700004201460112620260217225419.0121119s2001 sp a gr 000 f spa  a8420447897 a9788420447896 aCO-BoRNBPbspaerdacCO-BoRNBP1 aspa aN PAT11 aPaterson, Katherine13aLa gran Gilly HopkinscKatherine Paterson ; traducción de Alonso Carnicer McDermont aSegunda edición aMadrid bAlfaguarac2001 a152 páginas atextobtxt2rdacontent asin mediaciónbn2rdamedia avolumenbnc2rdacarrier0 aJuvenil3 aGilly es una joven de once años, temperamental y maleducada. Fue abandonada por su madre desde pequeña y ha tenido que vivir en hogares sustitutos. Las familias que la acogen la devuelven rápidamente con la asistenta social porque se porta extremadamente mal. En realidad, Gilly lucha por no encariñarse con las personas que la rodean, debido a que ha sufrido desencantos cada vez que lo ha hecho. Sin embargo, eso cambia cuando llega al hogar de la señora Trotter, una mujer que con paciencia y cariño logra que cambie poco a poco de actitud. Gilly sueña con encontrarse con su madre, a quien ha idealizado y conoce solamente a través de una postal. Realizando una serie de artimañas, logra reunirse con ella, pero no era como la había imaginado. Gilly queda en poder de su abuela, y aunque extraña a la señora Trotter, su madre sustituta, no puede regresar a su lado. a Premio Hans Christian Andersen, 1998 14aLiteratura infantil estadounidense2LEMB14aNovela infantil estadounidense2LEMB1 aCarnicer McDermott, Alonsoetraductor